000
00270nam a2200121Ia 4500
005
20251222144726.0
008
251222s9999||||xx |||||||||||||| ||spa||
082
_a
918.5/A34
100
_a
Alayza Paz Soldán, Luis
245
0
_a
Mi País:
264
_b
Gil
942
_c
LIB
999
_c
18389
_d
18389